000 00487nam a22001697a 4500
005 20260330110921.0
008 260330b |||||||| |||| 00| 0 eng d
020 _a978-1-9356660-50-7
100 _aGLADWIN, MARK T.
245 _aCLINICAL MICROBIOLOGY
_bMADE RIDICULOUSLY SIMPLE
260 _aMIAMI
_bMEDMASTER
_c2023
300 _aVII,427P.
500 _aINCLUDES INDEX
650 _aDIAGNOSTIC MICROBIOLOGY - HANDBOOKS, MANUALS
700 _aTRATTLER, WILLIAM
942 _2lcc
_cBK
999 _c216892
_d216892